000
00251nam a22001097a 4500
082
_a
624.171BRE
100
_a
Brebbia
245
_a
Boundary elements technologies in engineering
260
_a
London
_b
Butter worths
_c
1980
300
_a
210
942
_c
BK
999
_c
12012
_d
12012